| 000 -LEADER |
| fixed length control field |
00690cam a2200193 i 4500 |
| 020 ## - INTERNATIONAL STANDARD BOOK NUMBER |
| ISBN |
9789924500049 |
| 040 ## - CATALOGING SOURCE |
| Transcribing agency |
DLC |
| 082 ## - DEWEY DECIMAL CLASSIFICATION NUMBER |
| Classification number |
CAM CLI 2015 C101 Or. |
| 245 00 - TITLE STATEMENT |
| Title |
Climate change and water governance in Cambodia : |
| Remainder of title |
challenge and perspectives for water security and climate change in selected catchments, Cambodia / |
| 300 ## - PHYSICAL DESCRIPTION |
| Number of Pages |
x, 185 pages ; |
| Dimensions |
25 cm |
| 500 ## - GENERAL NOTE |
| General note |
Errata slip inserted at end. |
| 650 #0 - SUBJECT ADDED ENTRY--TOPICAL TERM |
| Topical Term |
Water resources development |
| 650 #0 - SUBJECT ADDED ENTRY--TOPICAL TERM |
| Topical Term |
Water-supply |
| 650 #0 - SUBJECT ADDED ENTRY--TOPICAL TERM |
| Topical Term |
Climatic changes |
| 700 1# - ADDED ENTRY--PERSONAL NAME |
| Personal name |
Sam, Sreymom, |
| 700 1# - ADDED ENTRY--PERSONAL NAME |
| Personal name |
Pech, Sokhem, |
| 710 2# - ADDED ENTRY--CORPORATE NAME |
| Corporate name or jurisdiction name as entry element |
Vidyāsthān Paṇṭuḥ Paṇṭāl niṅ Srāvjrāv ṭoempī Qabhivaḍḍhn ̊Kambujā, |
| 942 ## - ADDED ENTRY ELEMENTS (KOHA) |
| Koha item type |
ADB |
| 952 ## - LOCATION AND ITEM INFORMATION (KOHA) |
| Withdrawn status [LOCAL, KOHA] |
0 |